00579nam a2200205 a 450000100060000000300080000600500170001400800410003102000150007203500190008704000270010604100080013308200280014110000180016924500610018726000310024830000250027950000190030465100500032357907BD-RjUL20211209080550.0161212s1984 enk 001 0 eng  a0333357809 a(BD-RjUL)58031 aUKMcUKMbengdBD-RjUL aeng a320.91724223bSOP 19841 aSomjee, A. H.10aPolitical society in developing countries /cA.H. Somjee aLondon :bMacmillan,c1984 axii, 202 p. ;c23 cm aIncludes index 0aDeveloping countriesxPolitics and government